000 01366aam a2200337 i 4500
999 _c45702
_d45702
001 768714001
003 CO-MdFUSB
005 20240531062740.0
007 ta
008 200512t1972 enk |||| |||| 00| 0 eng d
020 _a009108850X
040 _bspa.
_aCO-MdFUSB
_cCO-MdFUSB
_dCO-MdFUSBC
_erda
041 _aeng
082 _223
_a230.01
_bW175
100 1 _aWalgrave, Jan Hendrik
_eautor
245 1 0 _aUnfolding revelation :
_bthe nature of doctrinal development
_c/ Jan Hendrik Walgrave
264 1 _aLondres :
_bHutchinson University Library,
_c[1972]
264 4 _c© 1972
300 _axii, 418 páginas
_c; 24 cm
336 _atexto
_btxt
_2rdacontent
337 _2rdamedia
_asin mediación
_bn
338 _2rdacarrier
_avolumen
_bnc
490 _aTheological resources.
505 _aLa naturaleza del desarrollo doctrinal - El problema - Nociones básicas - Desarrollo de la revelación - Dessarrollo de doctrina en la teología patrística - Desarrollo de doctrina en el pensamiento medieval - Una nueva edad - Origen y desarrollo de teorías lógicas - Orígen y desarrollo de la teoría de transformación - La teoría teológica de desarrollo - Una reflexión teológica
563 _aPasta dura
650 7 _9179
_aTeología doctrinal
650 7 _aCristianismo
_2
_922
942 _cBK
945 _aJTF-925